000 00177 a2200085 4500
245 _aThe rise of the west
_hText
100 _aW.H McNeill
650 _aHistory
005 20191017173403.0
084 _aCB69.M34
999 _c10188
_d10188